000 00766cab a2200277 4500
001 X85799
008 090401t1998 xxu||||| |||| 00| 0 eng d
035 _a(Sirsi) u85799
041 _aeng
100 _aCampbell, J.
245 _aWindmills, renewables and the landscape dilemma
260 _c1998
350 _a0
490 _aScottish Planning and Environmental Law
_v(66) April 1998, 28-29(2)
520 _aConsiders the argument for a reformulation of policy in relation to windfarms.
650 _aENERGY
_96237
650 _aNPPG6
650 _aRENEWABLE ENERGY
650 _aSCOTLAND
650 _aWIND TURBINES
650 _aWINDFARMS
650 _aWINDMILLS
690 _aPLANNING LAW AND PRACTICE
942 _n0
948 _c27/04/1998
999 _c53970
_d53970